| 000 | 00441nam a22001217a 4500 | ||
|---|---|---|---|
| 999 |
_c18709 _d18709 |
||
| 008 | 210119b xxu||||| |||| 00| 0 eng d | ||
| 050 |
_aGMB0065 _b.B45 2017 c.1 |
||
| 100 | _aBelsoi, Vincent K. | ||
| 245 |
_aInfluence of creative accounting on financial performance _ba case study of micro-finance firms in Nakuru _cVincent K. Belsoi |
||
| 260 |
_aKabarak, Nakuru, Kenya _bKabarak University _c2017 |
||
| 300 | _a84 leaves | ||
| 942 |
_2lcc _cTHE |
||